000 00698nas a2200265 4500
001 BR9210296
003 BR-BrBNA
005 20231205093346.0
007 ta
008 230509b bl.|||p| |||| 00| 00por d
040 _aBR-BrBNA
_bpor
_cBiblioteca Nacional de Agricultura
041 _a(Pt)
072 _aN20
100 1 _aSantiago, J.P.
245 1 _aA melhor forma de usar os implementos [solo]
650 _aIMPLEMENTO AGRICOLA
650 _aSOLO
650 _aARADURA
650 _aGRADE
650 _aARADO
650 _aPRATICO
773 0 _tGuia Rural (Brazil)
_x
_g(Dec 1989), v. 3(12) p. 59-63
_wBR9210296
909 _a202311
_bLúcia
_c55
_dLúcia Elande
942 _2AGRIS
_n0
_cANA
999 _c137780
_d137780